000
00336nam a2200145Ia 4500
008
150201s2009 xx 000 0 und d
082
_a
617.3
_b
P09M
100
_a
MERCIER, L.R.
245
_a
PRACTICAL ORTHOPEDICS
250
_a
6TH
260
_b
ELSEVIER
_a
DELHI
_c
2009
300
_a
1-548
650
_a
ORTHOPAEDICS
942
_2
ddc
_c
BK
_0
1
999
_c
336
_d
336